Bolle, Hannus
| Titel: | Bolle, Hannus |
|---|---|
| Verfasser: | |
| In: |
Saur Allgemeines Künstlerlexikon ; 12. Bobrov - Bordac̆ev, (1996), Seite 390-391 alle Artikel anzeigen |
| Veröffentlicht: | 1996 |
| Format: | Aufsatz |
| Sprache: | Deutsch |
X
alg: 39158565 001A $01999:11-11-16 001B $01999:15-05-21 $t21:00:05.000 001D $01999:11-11-16 001U $0utf8 001X $00 002@ $0Aox 003@ $0391585657 007A $0391585657 $aHEB 007T $0Herd07540 010@ $ager 011@ $a1996 021A $aBolle, Hannus 028A $aStaps $dSven-Wieland 031A $h390-391 $j1996 039B $aIn $8--Afu--. Saur Allgemeines Künstlerlexikon ; 12. Bobrov - Bordac̆ev. - München : Saur, 1996. - XIV, 680 Seiten. - ISBN 3-598-22752-3 $x199600000000000610 $9045721734 045F $a929.094382 $eDDC23BSB 045F/01 $a929 045F/03 $g4382 045F/03 $g43832 lok: 39158565 78 exp: 39158565 78 1 #EPN 201B/01 $003-04-17 $t17:58:32.000 201U/01 $0utf8 203@/01 $0787679976 208@/01 $a11-11-16 $be 209A/01 $a/ $f000 $x00 220C/01 $aTitelaufnehmer: jk 244Z/01 $2Trx $#Prusy Wschodnie i Zachodnie $8--Trx--Ost- und Westpreußen $x01 $939113373X 244Z/01 $2Trx $#Ragnit Königsberg $#Ragneta Królewiec $8--Trx--Neman$gKaliningrad $x02 $9391269356 244Z/01 $aGeschichte 1399-1408- $x03 244Z/01 $2Trx $8--Trx--Bolle, Hannus $x04 $9390710873 244Z/01 $2Trx $#ehitaja $#statybininkai $#builder $#építömester $#budowniczowie $#stavitelia $#stavitelé $8--Trx--Baumeister $x05 $9391374427 244Z/01 $2Trx $#müürsepad $#mūrininkai $#masons $#kömüves $#murarze $#murári $#zedníci $8--Trx--Maurer $x06 $9391357670 244Z/01 $2Trx $8--Trx--Einzelbeiträge $x07 $9391384570 245Z/01 $a12.03 $x01 247C/01 $82080>Marburg/Lahn, Herder-Institut, Forschungsbibliothek, Bibliographieportal $9336309341
| LEADER | 00000caa a22000002c 4500 | ||
|---|---|---|---|
| 001 | 391585657 | ||
| 003 | DE-603 | ||
| 005 | 20210515210005.0 | ||
| 007 | tu | ||
| 008 | 161111s1996 xx |||| | u00||u|ger c | ||
| 035 | |a (DE-599)HEB391585657 | ||
| 040 | |a DE-603 |b ger |c DE-603 |d DE-603 | ||
| 041 | |a ger | ||
| 082 | 0 | 4 | |8 1\u |a 929.094382 |q DE-101 |2 23/BSB |
| 085 | |8 1\u |b 929 | ||
| 085 | |8 1\u |z 2 |s 4382 | ||
| 085 | |8 1\u |z 2 |s 43832 | ||
| 100 | 1 | |a Staps, Sven-Wieland | |
| 245 | 0 | 0 | |a Bolle, Hannus |
| 264 | 0 | |c 1996 | |
| 773 | 0 | 8 | |i In |t Saur Allgemeines Künstlerlexikon ; 12. Bobrov - Bordac̆ev |d München : Saur, 1996 |h XIV, 680 Seiten |z 3598227523 |g (1996), Seite 390-391 |w (DE-603)045721734 |
| 924 | 0 | |9 2080 |a (DE-603)787679976 |b DE-2080 |c HES |d d |g / | |


